Formule 1 - Tous les pilotes du 21e siècle - Statistiques

Statistiques générales
  • Ce quiz a été pris 92 fois
    24 depuis la dernière actualisation
  • Le résultat moyen est 74 sur 130
Statistiques - réponses
Hint Réponse % Correct
2000 - 2001 - 2003 Jos Verstappen
100%
2019 - 2020 - 2021 - 2022 - 2023 - 2024 - 2025 - 2026 Lando Norris
100%
2007 - 2008 - 2009 - 2010 - 2011 - 2012 - 2013 - 2014 - 2015 - 2016 - 2017 - 2018 - 2019 - 2020 - 2021 - 2022 - 2023 - 2024 - 2025 - 2026 Lewis Hamilton
100%
2015 - 2016 - 2017 - 2018 - 2020 - 2021 - 2022 - 2023 - 2024 - 2025 - 2026 Max Verstappen
100%
2000 - 2001 - 2002 - 2003 - 2004 - 2005 - 2006 - 2007 - 2008 - 2009 - 2010 - 2011 - 2012 Michael Schumacher
100%
2021 - 2022 Mick Schumacher
100%
2006 - 2007 - 2008 - 2009 - 2010 - 2011 - 2012 - 2013 - 2014 - 2015 - 2016 Nico Rosberg
100%
2000 - 2001 - 2002 - 2003 - 2004 - 2005 - 2006 - 2007 Ralf Schumacher
100%
2018 - 2020 - 2021 - 2022 - 2023 - 2024 - 2025 Charles Leclerc
95%
2016 - 2017 - 2018 - 2020 - 2021 - 2022 - 2023 - 2024 - 2025 - 2026 Esteban Ocon
95%
2001 - 2003 - 2004 - 2005 - 2006 - 2007 - 2008 - 2009 - 2010 - 2011 - 2012 - 2013 - 2014 - 2015 - 2016 - 2017 - 2018 - 2021 - 2022 - 2023 - 2024 - 2025 - 2026 Fernando Alonso
95%
2000 - 2001 - 2002 - 2003 - 2004 - 2005 - 2006 - 2007 - 2008 - 2009 - 2010 - 2011 - 2012 - 2013 - 2014 - 2015 - 2016 - 2017 Jenson Button
95%
2017 - 2018 - 2019 - 2020 - 2021 - 2022 - 2023 - 2024 - 2025 - 2026 Pierre Gasly
95%
2007 - 2008 - 2009 - 2010 - 2011 - 2012 - 2013 - 2014 - 2015 - 2016 - 2017 - 2018 - 2020 - 2021 - 2022 Sebastian Vettel
95%
2019 - 2020 - 2021 - 2022 - 2023 - 2024 - 2025 - 2026 Alexander Albon
90%
2015 - 2016 - 2017 - 2018 - 2020 - 2021 - 2022 - 2023 - 2024 - 2025 - 2026 Carlos Sainz Jr.
90%
2019 - 2020 - 2021 - 2022 - 2023 - 2024 - 2025 - 2026 George Russell
90%
2001- 2003 - 2004 - 2005 - 2006 - 2007 - 2008 - 2009 - 2012 - 2013 - 2014 - 2015 - 2016 - 2017 - 2018 - 2021 Kimi Räikkönen
90%
2010 - 2012 - 2013 - 2014 - 2015 - 2016 - 2017 - 2018 - 2019 - 2020 - 2022 - 2023 - 2024 - 2025 - 2026 Nico Hülkenberg
90%
2023 - 2024 - 2025 - 2026 Oscar Piastri
90%
2011 - 2012 - 2013 - 2014 - 2015 - 2016 - 2017 - 2018 - 2020 - 2021 - 2022 - 2023 - 2024 - 2026 Sergio Pérez
90%
2013 - 2014 - 2015 - 2016 - 2017 - 2018 - 2020 - 2021 - 2022 - 2024 - 2026 Valtteri Bottas
90%
2025 - 2026 Andrea Kimi Antonelli
85%
2011 - 2012 - 2013 - 2014 - 2015 - 2016 - 2017 - 2018 - 2020 - 2021 - 2022 - 2023 - 2024 Daniel Ricciardo
85%
2025 Gabriel Bortoleto
85%
2000 - 2001 - 2002 - 2003 - 2004 - 2005 - 2006 Jacques Villeneuve
85%
2017 - 2018 - 2019 - 2020 - 2021 - 2022 - 2023 - 2024 - 2025 - 2026 Lance Stroll
85%
2009 - 2012 - 2013 - 2014 - 2015 - 2016 - 2017 - 2018 - 2019 - 2020 Romain Grosjean
85%
2002 - 2004 - 2005 - 2006 - 2007 - 2008 - 2009 - 2012 - 2013 - 2014 - 2015 - 2016 - 2017 Felipe Massa
80%
2024 - 2025 - 2026 Franco Colapinto
80%
2025 - 2026 Isack Hadjar
80%
2014 - 2016 - 2020 - 2022 - 2023 - 2024 Kevin Magnussen
80%
2023 - 2024 - 2025 - 2026 Liam Lawson
80%
2024 - 2025 - 2026 Oliver Bearman
80%
2000 - 2001 - 2002 - 2003 - 2004 - 2005 - 2006 - 2007 - 2008 - 2009 - 2010 - 2011 Rubens Barrichello
80%
2010 - 2011 - 2012 Bruno Senna
75%
2022 - 2023 - 2024 Guanyu Zhou
75%
2024 - 2025 Jack Doohan
75%
2001 - 2002 - 2003 - 2004 - 2005 - 2006 Juan Pablo Montoya
75%
2020 - 2021 - 2022 Nicholas Latifi
75%
2021 Nikita Mazepin
75%
2006 - 2007 - 2008 - 2009 - 2010 - 2019 - 2021 Robert Kubica
75%
2021 - 2022 - 2023 - 2024 - 2025 Yuki Tsunoda
75%
2014 - 2015 - 2016 - 2017 - 2019 - 2020 Daniil Kvyat
70%
2007 - 2008 - 2009 - 2010 - 2011 - 2012 Heikki Kovalainen
70%
2013 - 2014 Jules Bianchi
70%
2023 - 2024 Logan Sargeant
70%
2002- 2003 - 2004 - 2005 - 2006- 2007 - 2008 - 2009 - 2010 - 2011 - 2012 - 2013 Mark Webber
70%
2000 - 2001 Mika Häkkinen
70%
2022 - 2023 Nick de Vries
70%
2012 - 2013 - 2014 - 2015 Pastor Maldonado
70%
2026 Arvid Lindblad
65%
2000 - 2001 - 2002 - 2003 - 2004 - 2005 - 2006 - 2007 - 2008 - 2009 Giancarlo Fisichella
65%
2014 - 2015 - 2016 - 2017 - 2018 Marcus Ericsson
65%
2017 - 2019 - 2020 - 2021 Antonio Giovinazzi
60%
2000 - 2001 - 2002 - 2003 - 2004 - 2005 - 2006 - 2007 - 2008 David Coulthard
60%
2012 - 2013 - 2014 Jean-Éric Vergne
60%
2009 - 2010 - 2011 - 2012 - 2014 Kamui Kobayashi
60%
2010 - 2011 - 2012 Vitaly Petrov
60%
2012 - 2013 Charles Pic
55%
2015 - 2016 Felipe Nasr
55%
2020 Jack Aitken
55%
2000 - 2001 - 2002 - 2003 - 2004 - 2005 - 2006 - 2007 - 2008 - 2009 - 2010 - 2011 Jarno Trulli
55%
2000 - 2001 Jean Alesi
55%
2016 - 2017 Jolyon Palmer
55%
2008 - 2009 Nelsinho Piquet
55%
2020 Pietro Fittipaldi
55%
2006 - 2007 - 2010 Sakon Yamamoto
55%
2007 - 2008 - 2009 - 2010 - 2011 - 2013 - 2014 Adrian Sutil
50%
2017 - 2018 Brendon Hartley
50%
2000 - 2001 - 2002 Eddie Irvine
50%
2005 - 2011 - 2012 Narain Karthikeyan
50%
2000 - 2001 - 2002 - 2003 - 2004 - 2005 - 2006 - 2007 - 2008 - 2009 - 2010 - 2011 Nick Heidfeld
50%
2009 - 2010 - 2011 Sebastien Buemi
50%
2006 Yuji Ide
50%
2013 - 2014 - 2016 Esteban Gutiérrez
45%
2000 - 2001 - 2002 - 2003 Heinz-Harald Frentzen
45%
2009 - 2010 - 2011 Jaime Alguersuari
45%
2007 - 2008 - 2009 Kazuki Nakajima
45%
2016 - 2017 Pascal Wehrlein
45%
2000 - 2001 - 2002 - 2005 - 2006 - 2010 - 2011 - 2012? Pedro de la Rosa
45%
2006 - 2007 Scott Speed
45%
2008 - 2009 Sébastien Bourdais
45%
2018 Sergey Sirotkin
45%
2016 - 2017 - 2018 Stoffel Vandoorne
45%
2004 - 2005 - 2006 - 2010 Christian Klien
40%
2006 Franck Montagny
40%
2013 Giedo van der Garde
40%
2010 - 2011 Karun Chandhok
40%
2013 - 2014 Max Chilton
40%
2001 - 2002 - 2003 - 2004 Olivier Panis
40%
2011 - 2012 - 2013 - 2017 Paul di Resta
40%
2000 - 2001 - 2004 - 2005 Ricardo Zonta
40%
2002 - 2003 - 2004 - 2005 - 2006 - 2007 - 2008 Takuma Satō
40%
2005 - 2006 Tiago Monteiro
40%
2004 - 2008 - 2009 - 2010 - 2011 - 2012 Timo Glock
40%
2005 - 2006- 2007 - 2009 - 2010 - 2011 Vitantonio Liuzzi
40%
2014 - 2015 Will Stevens
40%
2015 Alexander Rossi
35%
2000 - 2005 - 2007 Alexander Wurz
35%
2000 - 2001 Luciano Burti
35%
2000 - 2001 - 2002 - 2003 - 2004 - 2005 - 2006 - 2007 - 2008 - 2009 - 2010 - 2011 - 2012 - 2013 - 2014 - 2015 - 2016 - 2017 - 2018 - 2019 - 2020 - 2021 - 2022 Mika Salo
35%
2016 Rio Haryanto
35%
2015 Roberto Merhi
35%
2005 - 2007 - 2008 Anthony Davidson
30%
2005 - 2006 - 2007 Christijan Albers
30%
2009 Luca Badoer
30%
2010 Lucas di Grassi
30%
2003 - 2004 Zsolt Baumgartner
30%
2001 - 2002 Alex Yoong
25%
2014 André Lotterer
25%
2001 - 2002 Enrique Bernoldi
25%
2011 - 2012 Jérôme d'Ambrosio
25%
2000 Johnny Herbert
25%
2000 - 2003 - 2004 Marc Gene
25%
2007 Markus Winkelhock
25%
2000 Pedro Diniz
25%
2005 - 2006 Robert Doornbos
25%
2002 Allan McNish
20%
2004 - 2005 Antônio Pizzonia
20%
2003 - 2004 Cristiano da Matta
20%
2004 Gianmaria Bruni
20%
2003 Nicolas Kiesa
20%
2005 Patrick Friesacher
20%
2001 Tomas Enge
20%
2000 - 2001 Gaston Mazzacane
15%
2004 Giorgio Pantano
15%
2003 Justin Wilson
15%
2003 Ralph Firman
15%
2001 Tarso Marques
15%
Aucun quiz correspondant
Distribution des résultats
% des personnes avec chaque résultat
Percentile par nombre de réponses
Votre historique - résultats
Vous n’avez pas pris ce quiz depuis la dernière actualisation